000 00875nam a2200229 a 4500
001 000021852
005 20250603120043.0
008 100913s1946 mx r 000 0 spa d
040 _aDO-SdBNP
_bspa
_cBNPHU
082 _a346
_bB891i, 1946
100 1 _aBrugi, Biagio,
_d1855 - 1934
_945371
245 1 0 _aInstituciones de derecho civil :
_bcon aplicación especial a todo el derecho privado /
_cBiagio Brugi ; traducción Jaime Simó Bofurull.
250 _a4a ed.
260 _aMéxico, D. F. :
_bUnión Tipográfica Editorial Hispano-Americana,
_c1946.
300 _axiv, 614 p. ;
_c24 cm.
500 _aIncluye índice alfabético.
504 _aIncluye referencias bibliográficas y notas al pie de las páginas.
650 4 _aDerecho civil
_93574
650 0 _aDerecho mercantil
_944865
700 1 _aSimó Bofurull, Jaime,
_etr.
_945372
999 _a1
_n0000188
_c21350
_d21350
049 _aBNGR